000 00658cam a22002411 4500
001 agr50000087
003 DLC
005 20260227111012.0
008 821013s1950 enk 000 0 eng
010 _aagr50000087
015 _aGB50-1196
035 _a(OCoLC)8857987
040 _aDLC
_cOkS
_dUk
_dDLC
042 _apremarc
050 0 0 _aSF991
_b.B24 1950
082 _a636.70896
_a[619.7]
100 2 _aBaïracli-Levy, Juliette de.
245 0 4 _aThe cure of canine distemper and hard pad.
250 _a[2d ed., rev., enl.]
260 _aBridgwater, Somerset, Eng.,
_bThe Farmer
_c[1950]
300 _a132 p.
_c19 cm.
650 0 _aDogs
_xDiseases.
999 _c11130
_d11130